00742nam a2200241Ia 4500001000700000003000500007008004100012010001100053040000900064082001600073100002800089245011800117260004100235300001100276440000500287500000500292503000500297650003300302650010400335650003300439650001700472650001100489Z_4954CHAP220113s1981 xx 000 0 und d a168009 cCHAP a636.0896 G5 aGillespie, James Howard aHagan and Bruner's infectious diseases of domestic animals /cby James Howard Gillespie and John Francis Timoney aIthaca :bCornell University,c1981 a851 p. a a a aBacteriología veterinaria  aEnfermedades infecciosas en animales I. Bruner, Dorsey William II. Gillespie, James Howard III. t. aMicroorganismos patógenos  aVeterinaria  aVirus